Tram di Padova - Statistics

Statistiche generali
  • Questo quiz è stato fatto 31 volte
  • Il punteggio medio è 11 su 26
Statistiche sulle risposte
Risposta % Corretto
Prato della Valle
100%
Arcella
82%
Capolinea Sud - Guizza
71%
Guizza
71%
Ponti Romani
71%
Santo
71%
Capolinea Nord - Pontevigodarzere
65%
Eremitani
59%
Cavalletto
47%
Stazione FS
47%
Tito Livio
47%
Trieste
47%
Borgomagno
41%
Cavallotti
41%
Palasport
41%
Cuoco
35%
Bassanello
29%
Diaz
29%
San Carlo
29%
Santa Croce
29%
Dazio
24%
Saimp
24%
Sacchetti
12%
San Gregorio
12%
Santa Maria Assunta
6%
Fornace Morandi
0%
Nessun quiz corrispondente trovato
Distribuzione punteggi
Percentuale di utenti per punteggio
Percentile per numero di risposta
I tuoi punteggi nel tempo
Non hai fatto questo quiz